|
|
|
|
| LEADER |
00929nam a2200229 a 4500 |
| 001 |
3355510 |
| 008 |
090907s1983 mau 000 0 eng d |
| 010 |
|
|
|a 92907453
|
| 020 |
|
|
|a 0932288022
|
| 040 |
|
|
|a UIU
|c UIU
|d EEM
|
| 082 |
0 |
0 |
|a 901.20
|2 20
|
| 110 |
0 |
|
|a centre for international education.
|
| 245 |
0 |
0 |
|a Teaching non-Western studies :
|b a handbook of methods and materials.
|
| 260 |
|
|
|a Amherst :
|b University of Massachusetts, School of Education, Center for International Education,
|c 1972.
|
| 300 |
|
|
|a 139 p. ;
|c 28 cm.
|
| 500 |
|
|
|a Cover title
|
| 541 |
1 |
|
|e 00000970
|
| 650 |
|
0 |
|a Civilization
|x Study and teaching.
|
| 650 |
|
0 |
|a Social sciences
|x Study and teaching.
|
| 852 |
4 |
|
|a Ayesha Abed Library
|j General shelf
|
| 999 |
|
|
|c 8523
|d 8523
|
| 952 |
|
|
|0 0
|1 0
|2 ddc
|4 0
|6 901_200000000000000_TEA_1972
|7 0
|9 10073
|a BRACUL
|b BRACUL
|c GEN
|d 2010-05-12
|g 0.00
|l 0
|o 901.20 TEA
|p 3010000970
|r 2010-05-12
|t 1
|w 2010-05-12
|y BK
|z Not price in Register
|